Школа молодых ученых (Запись № 1268029)
[ простой вид ]
| 000 -МАРКЕР | |
|---|---|
| контрольное поле | 01845nam1a2200289 i 4500 |
| 001 - ИДЕНТИФИКАТОР ЗАПИСИ | |
| контрольное поле | RU\NLR\bibl\1717964 |
| 005 - ИДЕНТИФИКАТОР ВЕРСИИ | |
| контрольное поле | 20260408010134.0 |
| 035 ## - ДРУГИЕ СИСТЕМНЫЕ НОМЕРА | |
| Идентификатор записи | (NLR Aleph) 001708976 |
| 100 ## - ДАННЫЕ ОБЩЕЙ ОБРАБОТКИ | |
| Данные общей обработки | 20101222g20089999k y0rusy50 ca |
| 101 0# - ЯЗЫК РЕСУРСА | |
| Язык текста, звукозаписи и т.д. | русский |
| 102 ## - СТРАНА ПУБЛИКАЦИИ ИЛИ ПРОИЗВОДСТВА | |
| Страна публикации | Российская Федерация |
| 105 ## - ПОЛЕ КОДИРОВАННЫХ ДАННЫХ: ТЕКСТОВЫЕ МАТЕРИАЛЫ, МОНОГРАФИЧЕСКИЕ | |
| Кодированные данные о монографическом текстовом документе | ||||z ||||| |
| 200 1# - ЗАГЛАВИЕ И СВЕДЕНИЯ ОБ ОТВЕТСТВЕННОСТИ | |
| Основное заглавие | Школа молодых ученых |
| Сведения, относящиеся к заглавию | сборник статей |
| Первые сведения об ответственности | Камч. гос. ун-т им. Витуса Беринга, НИЛ "Пробл. общ. и проф. образования" |
| Последующие сведения об ответственности | [науч. ред. д.п.н., проф. Н.Г. Рябкова] |
| 210 ## - ПУБЛИКАЦИЯ, РАСПРОСТРАНЕНИЕ И ДР. | |
| Место издания, распространения и т.д. | Петропавловск-Камчатский |
| Имя издателя, распространителя и т. д. | Изд-во Камчатского государственного университета |
| Дата издания, распространения и т.д. | 2008 |
| 215 ## - ФИЗИЧЕСКАЯ ХАРАКТЕРИСТИКА | |
| Размеры | 20 |
| 463 #0 - УРОВЕНЬ ФИЗИЧЕСКОЙ ЕДИНИЦЫ | |
| Встроенное поле | 0011700641 |
| 601 02 - НАИМЕНОВАНИЕ ОРГАНИЗАЦИИ КАК ПРЕДМЕТ | |
| Начальный элемент ввода | Камчатский государственный университет им. Витуса Беринга |
| Идентифицирующий признак | Петропавловск-Камчатский, город |
| Формальный подзаголовок | Сборники |
| Тематический подзаголовок | Научно-исследовательская работа |
| Системный номер авторитетной/нормативной записи | 2614469 |
| Идентификатор авторитетной/нормативной записи | RU\NLR\auth\661551027 |
| 686 ## - ИНДЕКСЫ ДРУГИХ КЛАССИФИКАЦИЙ | |
| Индекс | Ч30е(2Р)л61я43 |
| 702 #1 - ИМЯ ЛИЦА - ВТОРИЧНАЯ ОТВЕТСТВЕННОСТЬ | |
| Код отношения | Редактор |
| Графика поля | Кириллица |
| Материалы, к которым относится поле | rus |
| Начальный элемент ввода | Рябкова |
| Часть имени, кроме начального элемента ввода | Н. Г. |
| Даты | 1948- |
| Расширение инициалов личного имени | Нина Геннадьевна |
| Системный номер авторитетной/нормативной записи | 80295 |
| Идентификатор авторитетной/нормативной записи | RU\NLR\auth\7797369 |
| 712 02 - НАИМЕНОВАНИЕ ОРГАНИЗАЦИИ - ВТОРИЧНАЯ ОТВЕТСТВЕННОСТЬ | |
| Код отношения | Прочие |
| Начальный элемент ввода | Камчатский государственный университет им. Витуса Беринга |
| Структурное подразделение | Научно-исследовательская лаборатория "Проблемы общего и профессионального образования" |
| Идентифицирующий признак | Петропавловск-Камчатский |
| Системный номер авторитетной/нормативной записи | 838603 |
| Идентификатор авторитетной/нормативной записи | RU\NLR\AUTH\8810171386 |
| 801 #0 - ИСТОЧНИК ЗАПИСИ | |
| Страна | Российская Федерация |
| Организация | NLR |
| Дата составления | 20101222 |
| Правила каталогизации | RCR |
| 801 #1 - ИСТОЧНИК ЗАПИСИ | |
| Страна | Российская Федерация |
| Организация | NLR |
| Дата составления | 20101222 |
| 852 ## - МЕСТОНАХОЖДЕНИЕ И ШИФР ХРАНЕНИЯ | |
| Идентификатор организации | NLR |
| Шифр хранения (Call Number) | 2010-3/37554 |
| 942 ## - ДОПОЛНИТЕЛЬНЫЕ ЭЛЕМЕНТЫ ЗАПИСИ (АБИС) | |
| Тип экземпляра АБИС | Книга |
Нет доступных экземпляров.